<?xml version="1.0" encoding="UTF-8"?>
<record
    xmlns:xsi="http://www.w3.org/2001/XMLSchema-instance"
    xsi:schemaLocation="http://www.loc.gov/MARC21/slim http://www.loc.gov/standards/marcxml/schema/MARC21slim.xsd"
    xmlns="http://www.loc.gov/MARC21/slim">

  <leader>00950nam a22002417a 4500</leader>
  <datafield tag="010" ind1=" " ind2=" ">
    <subfield code="a">462649</subfield>
  </datafield>
  <datafield tag="020" ind1=" " ind2=" ">
    <subfield code="c">00.00</subfield>
  </datafield>
  <datafield tag="035" ind1=" " ind2=" ">
    <subfield code="a">462649</subfield>
  </datafield>
  <datafield tag="037" ind1=" " ind2=" ">
    <subfield code="a">Cen Lib / Ret</subfield>
  </datafield>
  <datafield tag="040" ind1=" " ind2=" ">
    <subfield code="a">DPL</subfield>
    <subfield code="b">HN</subfield>
  </datafield>
  <datafield tag="082" ind1=" " ind2=" ">
    <subfield code="a">016.22021</subfield>
    <subfield code="b">&#x935;&#x93F;&#x936;&#x94D;&#x935;&#x92C;</subfield>
  </datafield>
  <datafield tag="245" ind1=" " ind2=" ">
    <subfield code="a">&#x90B;&#x917;&#x935;&#x947;&#x926; -&#x92E;&#x928;&#x94D;&#x924;&#x94D;&#x930;&#x93E;&#x928;&#x941;&#x915;&#x94D;&#x930;&#x92E;&#x928;&#x93F;&#x915;&#x93E; /</subfield>
    <subfield code="b">&#x935;&#x93F;&#x936;&#x94D;&#x935;&#x92C;&#x928;&#x94D;&#x927;&#x941;</subfield>
  </datafield>
  <datafield tag="246" ind1=" " ind2=" ">
    <subfield code="a">index the Rigved-Mantras /</subfield>
    <subfield code="b">by Vishva Bandhu </subfield>
  </datafield>
  <datafield tag="260" ind1=" " ind2=" ">
    <subfield code="a">&#x939;&#x94B;&#x936;&#x93F;&#x92F;&#x93E;&#x930;&#x92A;&#x941;&#x930;</subfield>
    <subfield code="b">&#x935;&#x93F;&#x936;&#x94D;&#x935;&#x947;&#x936;&#x94D;&#x935;&#x930;&#x93E;&#x928;&#x928;&#x94D;&#x926; &#x938;&#x902;&#x938;&#x94D;&#x925;&#x93E;&#x928;&#x92E;</subfield>
    <subfield code="c">1966</subfield>
  </datafield>
  <datafield tag="270" ind1=" " ind2=" ">
    <subfield code="b">&#x939;&#x94B;&#x936;&#x93F;&#x92F;&#x93E;&#x930;&#x92A;&#x941;&#x930;</subfield>
    <subfield code="a">&#x935;&#x93F;&#x936;&#x94D;&#x935;&#x947;&#x936;&#x94D;&#x935;&#x930;&#x93E;&#x928;&#x928;&#x94D;&#x926; &#x938;&#x902;&#x938;&#x94D;&#x925;&#x93E;&#x928;&#x92E;</subfield>
  </datafield>
  <datafield tag="300" ind1=" " ind2=" ">
    <subfield code="a">140p.</subfield>
    <subfield code="b">22cm.</subfield>
  </datafield>
  <datafield tag="490" ind1=" " ind2=" ">
    <subfield code="a">&#x935;&#x93F;&#x936;&#x94D;&#x935;&#x947;&#x936;&#x94D;&#x935;&#x930;&#x93E;&#x928;&#x928;&#x94D;&#x926; &#x938;&#x902;&#x938;&#x94D;&#x925;&#x93E;&#x928;&#x92E;</subfield>
    <subfield code="v">396</subfield>
  </datafield>
  <datafield tag="650" ind1=" " ind2=" ">
    <subfield code="a">&#x90B;&#x917;&#x935;&#x947;&#x926;</subfield>
  </datafield>
  <datafield tag="650" ind1=" " ind2=" ">
    <subfield code="a">&#x935;&#x947;&#x926;</subfield>
  </datafield>
  <datafield tag="650" ind1=" " ind2=" ">
    <subfield code="a">Rigveda</subfield>
  </datafield>
  <datafield tag="650" ind1=" " ind2=" ">
    <subfield code="a">Veda</subfield>
  </datafield>
  <datafield tag="942" ind1=" " ind2=" ">
    <subfield code="2">ddc</subfield>
    <subfield code="c">HN</subfield>
    <subfield code="h">016.22021</subfield>
    <subfield code="m">&#x935;&#x93F;&#x936;&#x94D;&#x935;&#x92C;</subfield>
  </datafield>
  <datafield tag="999" ind1=" " ind2=" ">
    <subfield code="c">122342</subfield>
    <subfield code="d">122342</subfield>
  </datafield>
  <datafield tag="952" ind1=" " ind2=" ">
    <subfield code="0">0</subfield>
    <subfield code="1">0</subfield>
    <subfield code="4">0</subfield>
    <subfield code="7">1</subfield>
    <subfield code="8">REF</subfield>
    <subfield code="a">L</subfield>
    <subfield code="b">L</subfield>
    <subfield code="d">2016-03-15</subfield>
    <subfield code="e">Cen Lib/Ret</subfield>
    <subfield code="g">0.00</subfield>
    <subfield code="l">0</subfield>
    <subfield code="o">016.22021 &#x935;&#x93F;&#x936;&#x94D;&#x935;&#x92C;</subfield>
    <subfield code="p">462649</subfield>
    <subfield code="r">2016-03-15 00:00:00</subfield>
    <subfield code="t">1</subfield>
    <subfield code="v">0.00</subfield>
    <subfield code="w">2016-03-15</subfield>
    <subfield code="y">HN</subfield>
  </datafield>
</record>
